000
00290nam a2200121Ia 4500
100
_a
Dr.Jose George
942
_c
BK
245
_a
Rethinking radicalism in Indian society-Bhagat singh and beyond
260
_b
Himalaya Publishers
_c
2003
300
_a
208
546
_a
ENGLISH
999
_c
29125
_d
29125